Normal view MARC view

Entry Personal Name

Number of records used in: 1

001 - CONTROL NUMBER

  • control field: 204881

003 - CONTROL NUMBER IDENTIFIER

  • control field: OSt

005 - DATE AND TIME OF LATEST TRANSACTION

  • control field: 20220924132734.0

008 - FIXED-LENGTH DATA ELEMENTS

  • fixed length control field: 220924|| aca||aabn | a|a d

040 ## - CATALOGING SOURCE

  • Original cataloging agency: OSt
  • Transcribing agency: OSt

100 ## - HEADING--PERSONAL NAME

  • Personal name: Quraishi Salim Al - Din Co

670 ## - SOURCE DATA FOUND

  • Source citation: Work cat.: (OSt)431366: Quraishi Salim Al - Din Co. , Catalogue of urdu book in the India office library, 1800, 1920, 1982
Copyright @ Delhi University Library System